000 01088nam a2200481Ia 4500
001 14592
003 28559
005 20241211063658.0
008 ||||||n9999 ||| || ||
082 _a901
245 0 _aDimensions de la conscience historique
_cRaymond Aron
260 _aFrancia :
_bLibraire Plon,
300 _a338P
562 _e2
650 0 _aAnálisis histórico de sucesos
_9492
650 0 _aFilosofía de la historia
_919345
650 _aHISTORIA
_922683
650 0 _aHistoria universal
_919378
650 _aNACIONES
_93870
650 _aPODER IMPERIAL
_922684
650 _aTEORIA DE LA HISTORIA
_919838
942 _cBKM
999 _c14592
_d14592
526 _a
526 _a17598
526 _a102617
526 _a102618
526 _a15794
526 _a102619
526 _a1703
526 _a102620
526 _a10406
526 _a105630
526 _a1698
526 _a116204
526 _a51868
526 _a4969
526 _a19790
526 _a104436
526 _a5144
526 _a1697
526 _a3899
526 _a9683